[Event "DVM U20 2020"]
[Site "Willingen GER"]
[Date "2021.06.25"]
[Round "4"]
[White "McPherson, Elisha"]
[Black "Gallasch, Robin"]
[Result "0-1"]
[Termination "normal"]
[Board "1.5"]
[WhiteElo "1967"]
[BlackElo "2067"]
[WhiteClock "00:16:47"]
[BlackClock "00:30:34"]
[WhiteTeam "Schachfreunde Augsburg"]
[BlackTeam "Schachgemeinschaft Porz e. V."]
[PlyCount "52"]
[WhiteFideId "16255852"]
[BlackFideId "16222423"]
[EventCountry "GER"]
[EventRounds "7"]
[EventType "team-swiss"]
[EventDate "2021.06.23"]

1. e4 {[%clk 01:30:59]} {[%emt 00:37:36]} c6 {[%clk 01:30:54]} {[%emt
00:00:06]} 2. d4 {[%clk 01:31:25]} {[%emt 00:00:04]} d5 {[%clk 01:31:17]}
{[%emt 00:00:07]} 3. Nc3 {[%clk 01:31:51]} {[%emt 00:00:04]} dxe4 {[%clk
01:31:40]} {[%emt 00:00:08]} 4. Nxe4 {[%clk 01:32:19]} {[%emt 00:00:02]} Bf5
{[%clk 01:32:02]} {[%emt 00:00:08]} 5. Ng3 {[%clk 01:32:41]} {[%emt 00:00:07]}
Bg6 {[%clk 01:32:28]} {[%emt 00:00:04]} 6. Nh3 {[%clk 01:33:06]} {[%emt
00:00:05]} e6 {[%clk 01:32:05]} {[%emt 00:00:53]} 7. Nf4 {[%clk 01:33:19]}
{[%emt 00:00:17]} Qc7 {[%clk 01:27:59]} {[%emt 00:04:36]} 8. c3 {[%clk
01:21:48]} {[%emt 00:12:02]} Bd6 {[%clk 01:23:40]} {[%emt 00:04:48]} 9. Qf3
{[%clk 01:12:35]} {[%emt 00:09:44]} Nf6 {[%clk 01:16:06]} {[%emt 00:08:04]} 10.
Bc4 {[%clk 01:11:07]} {[%emt 00:01:58]} Nbd7 {[%clk 01:07:41]} {[%emt
00:08:54]} 11. h4 {[%clk 00:35:26]} {[%emt 00:36:11]} O-O-O {[%clk 00:57:02]}
{[%emt 00:11:08]} 12. Bb3 {[%clk 00:31:50]} {[%emt 00:04:07]} e5 {[%clk
00:54:09]} {[%emt 00:03:23]} 13. Nxg6 {[%clk 00:31:51]} {[%emt 00:00:29]} fxg6
{[%clk 00:54:24]} {[%emt 00:00:15]} 14. Be3 {[%clk 00:30:15]} {[%emt 00:02:06]}
Rhf8 {[%clk 00:50:03]} {[%emt 00:04:52]} 15. Ne4 {[%clk 00:21:57]} {[%emt
00:08:48]} Nxe4 {[%clk 00:48:16]} {[%emt 00:02:16]} 16. Qxe4 {[%clk 00:22:23]}
{[%emt 00:00:03]} exd4 {[%clk 00:45:35]} {[%emt 00:03:12]} 17. Qxd4 {[%clk
00:22:46]} {[%emt 00:00:07]} Bc5 {[%clk 00:40:00]} {[%emt 00:06:05]} 18. Qg4
{[%clk 00:23:00]} {[%emt 00:00:16]} Bxe3 {[%clk 00:36:05]} {[%emt 00:04:26]}
19. fxe3 {[%clk 00:23:25]} {[%emt 00:00:04]} Qe5 {[%clk 00:36:29]} {[%emt
00:00:06]} 20. Qh3 {[%clk 00:18:26]} {[%emt 00:05:30]} Rde8 {[%clk 00:30:31]}
{[%emt 00:06:27]} 21. Ke2 {[%clk 00:16:33]} {[%emt 00:02:23]} Qh5+ {[%clk
00:30:04]} {[%emt 00:00:56]} 22. g4 {[%clk 00:16:20]} {[%emt 00:00:45]} Qb5+
{[%clk 00:30:27]} {[%emt 00:00:06]} 23. c4 {[%clk 00:16:14]} {[%emt 00:00:36]}
Qe5 {[%clk 00:30:47]} {[%emt 00:00:09]} 24. Rad1 {[%clk 00:16:04]} {[%emt
00:00:40]} Qxb2+ {[%clk 00:30:00]} {[%emt 00:01:18]} 25. Rd2 {[%clk 00:16:27]}
{[%emt 00:00:07]} Rf2+ {[%clk 00:30:09]} {[%emt 00:00:21]} 26. Kxf2 {[%clk
00:16:47]} {[%emt 00:00:10]} Qxd2+ {[%clk 00:30:34]} {[%emt 00:00:05]} 0-1

[Event "DVM U20 2020"]
[Site "Willingen GER"]
[Date "2021.06.25"]
[Round "4"]
[White "Perkampus, Laurin"]
[Black "Weisheit, Erik"]
[Result "1-0"]
[Termination "normal"]
[Board "1.6"]
[WhiteElo "1920"]
[BlackElo "1942"]
[WhiteClock "00:01:13"]
[BlackClock "00:22:29"]
[WhiteTeam "Schachgemeinschaft Porz e. V."]
[BlackTeam "Schachfreunde Augsburg"]
[PlyCount "65"]
[WhiteFideId "16232283"]
[BlackFideId "12981702"]
[EventCountry "GER"]
[EventRounds "7"]
[EventType "team-swiss"]
[EventDate "2021.06.23"]

1. d4 {[%clk 01:30:58]} {[%emt 00:00:02]} Nf6 {[%clk 01:30:42]} {[%emt
00:00:17]} 2. c4 {[%clk 01:31:24]} {[%emt 00:00:05]} c5 {[%clk 01:31:00]}
{[%emt 00:00:12]} 3. d5 {[%clk 01:31:43]} {[%emt 00:00:11]} b5 {[%clk
01:30:52]} {[%emt 00:00:38]} 4. cxb5 {[%clk 01:32:07]} {[%emt 00:00:06]} a6
{[%clk 01:31:13]} {[%emt 00:00:09]} 5. bxa6 {[%clk 01:32:33]} {[%emt 00:00:04]}
g6 {[%clk 01:31:26]} {[%emt 00:00:16]} 6. Nc3 {[%clk 01:32:58]} {[%emt
00:00:05]} Bxa6 {[%clk 01:31:37]} {[%emt 00:00:19]} 7. Nf3 {[%clk 01:32:48]}
{[%emt 00:00:40]} d6 {[%clk 01:30:51]} {[%emt 00:01:17]} 8. e4 {[%clk
01:32:56]} {[%emt 00:00:21]} Bxf1 {[%clk 01:31:13]} {[%emt 00:00:08]} 9. Kxf1
{[%clk 01:33:23]} {[%emt 00:00:03]} Bg7 {[%clk 01:31:23]} {[%emt 00:00:21]} 10.
h3 {[%clk 01:33:38]} {[%emt 00:00:15]} O-O {[%clk 01:29:51]} {[%emt 00:02:02]}
11. Kg1 {[%clk 01:30:19]} {[%emt 00:03:49]} Nbd7 {[%clk 01:27:13]} {[%emt
00:03:08]} 12. Kh2 {[%clk 01:30:21]} {[%emt 00:00:27]} Ra6 {[%clk 01:25:55]}
{[%emt 00:01:49]} 13. Re1 {[%clk 01:29:22]} {[%emt 00:01:28]} Qa8 {[%clk
01:25:30]} {[%emt 00:00:55]} 14. Re2 {[%clk 01:27:16]} {[%emt 00:02:37]} Rb8
{[%clk 01:19:52]} {[%emt 00:06:08]} 15. Rc2 {[%clk 01:22:39]} {[%emt 00:05:05]}
Ne8 {[%clk 01:16:50]} {[%emt 00:03:33]} 16. Qe2 {[%clk 01:11:53]} {[%emt
00:11:16]} Nc7 {[%clk 01:13:40]} {[%emt 00:03:41]} 17. Bd2 {[%clk 00:38:16]}
{[%emt 00:34:06]} e6 {[%clk 01:11:50]} {[%emt 00:02:21]} 18. dxe6 {[%clk
00:36:37]} {[%emt 00:02:09]} fxe6 {[%clk 01:08:00]} {[%emt 00:04:20]} 19. Rd1
{[%clk 00:35:21]} {[%emt 00:01:45]} Rf8 {[%clk 00:58:25]} {[%emt 00:10:05]} 20.
Bg5 {[%clk 00:29:17]} {[%emt 00:06:34]} d5 {[%clk 00:56:39]} {[%emt 00:02:16]}
21. exd5 {[%clk 00:22:44]} {[%emt 00:07:04]} exd5 {[%clk 00:56:29]} {[%emt
00:00:39]} 22. Nxd5 {[%clk 00:10:45]} {[%emt 00:12:30]} Nxd5 {[%clk 00:49:33]}
{[%emt 00:07:26]} 23. Rxd5 {[%clk 00:11:08]} {[%emt 00:00:07]} Qxd5 {[%clk
00:45:46]} {[%emt 00:04:16]} 24. Qxa6 {[%clk 00:11:36]} {[%emt 00:00:03]} Rxf3
{[%clk 00:36:26]} {[%emt 00:09:50]} 25. gxf3 {[%clk 00:11:35]} {[%emt
00:00:31]} Ne5 {[%clk 00:29:36]} {[%emt 00:07:20]} 26. Qc8+ {[%clk 00:05:02]}
{[%emt 00:07:03]} Kf7 {[%clk 00:28:33]} {[%emt 00:01:32]} 27. Rxc5 {[%clk
00:01:44]} {[%emt 00:03:50]} Nxf3+ {[%clk 00:28:19]} {[%emt 00:00:43]} 28. Kg3
{[%clk 00:00:41]} {[%emt 00:01:32]} Be5+ {[%clk 00:21:55]} {[%emt 00:06:55]}
29. Bf4 {[%clk 00:01:11]} Qd3 {[%clk 00:21:41]} {[%emt 00:00:44]} 30. Qb7+
{[%clk 00:01:09]} {[%emt 00:00:32]} Ke6 {[%clk 00:22:03]} {[%emt 00:00:08]} 31.
Rc6+ {[%clk 00:01:02]} {[%emt 00:00:35]} Kf5 {[%clk 00:22:17]} {[%emt
00:00:18]} 32. Qf7+ {[%clk 00:01:16]} {[%emt 00:00:15]} Ke4 {[%clk 00:22:29]}
{[%emt 00:00:18]} 33. Qc4+ {[%clk 00:01:13]} {[%emt 00:00:32]} 1-0

[Event "DVM U20 2020"]
[Site "Willingen GER"]
[Date "2021.06.25"]
[Round "4"]
[White "Schmider, Niklas"]
[Black "Woelk, Tom-Frederic"]
[Result "0-1"]
[Termination "normal"]
[Board "2.1"]
[WhiteTitle "FM"]
[WhiteElo "2303"]
[BlackElo "2245"]
[WhiteClock "00:09:02"]
[BlackClock "00:19:12"]
[WhiteTeam "OSG Baden-Baden"]
[BlackTeam "Hamburger SK von 1830"]
[PlyCount "110"]
[WhiteFideId "12993778"]
[BlackFideId "12993077"]
[EventCountry "GER"]
[EventRounds "7"]
[EventType "team-swiss"]
[EventDate "2021.06.23"]

1. e4 {[%clk 01:30:58]} c5 {[%clk 01:30:57]} {[%emt 00:00:04]} 2. Nf3 {[%clk
01:31:16]} {[%emt 00:00:12]} e6 {[%clk 01:31:24]} {[%emt 00:00:03]} 3. d4
{[%clk 01:31:39]} {[%emt 00:00:07]} cxd4 {[%clk 01:31:46]} {[%emt 00:00:08]} 4.
Nxd4 {[%clk 01:32:04]} {[%emt 00:00:05]} Nc6 {[%clk 01:32:11]} {[%emt
00:00:05]} 5. Nc3 {[%clk 01:32:26]} {[%emt 00:00:08]} Qc7 {[%clk 01:32:37]}
{[%emt 00:00:04]} 6. Be3 {[%clk 01:32:36]} {[%emt 00:00:20]} a6 {[%clk
01:33:03]} {[%emt 00:00:05]} 7. Qf3 {[%clk 01:32:54]} {[%emt 00:00:11]} Bd6
{[%clk 01:33:28]} {[%emt 00:00:05]} 8. O-O-O {[%clk 01:32:39]} {[%emt
00:00:45]} Be5 {[%clk 01:33:56]} {[%emt 00:00:02]} 9. g3 {[%clk 01:32:11]}
{[%emt 00:00:58]} Nge7 {[%clk 01:34:15]} {[%emt 00:00:11]} 10. Qe2 {[%clk
01:31:27]} {[%emt 00:01:14]} b5 {[%clk 01:34:41]} {[%emt 00:00:04]} 11. f4
{[%clk 01:28:26]} {[%emt 00:03:31]} Bxd4 {[%clk 01:35:01]} {[%emt 00:00:10]}
12. Bxd4 {[%clk 01:28:51]} {[%emt 00:00:05]} Nxd4 {[%clk 01:35:26]} {[%emt
00:00:06]} 13. Rxd4 {[%clk 01:29:04]} {[%emt 00:00:16]} Rb8 {[%clk 01:35:54]}
{[%emt 00:00:02]} 14. e5 {[%clk 01:25:19]} {[%emt 00:04:15]} Bb7 {[%clk
01:35:27]} {[%emt 00:00:57]} 15. Ne4 {[%clk 01:23:33]} {[%emt 00:02:16]} Nf5
{[%clk 01:35:40]} {[%emt 00:00:17]} 16. Rd1 {[%clk 01:15:08]} {[%emt 00:08:54]}
O-O {[%clk 01:31:07]} {[%emt 00:05:04]} 17. g4 {[%clk 00:48:59]} {[%emt
00:26:39]} Nh4 {[%clk 01:30:54]} {[%emt 00:00:44]} 18. Qe3 {[%clk 00:42:28]}
{[%emt 00:07:00]} f5 {[%clk 01:20:06]} {[%emt 00:11:19]} 19. exf6 {[%clk
00:40:17]} {[%emt 00:02:40]} Bxe4 {[%clk 01:19:04]} {[%emt 00:01:31]} 20. Qxe4
{[%clk 00:39:58]} {[%emt 00:00:50]} Rxf6 {[%clk 01:19:32]} {[%emt 00:00:02]}
21. f5 {[%clk 00:31:36]} {[%emt 00:08:52]} exf5 {[%clk 01:17:45]} {[%emt
00:02:17]} 22. gxf5 {[%clk 00:25:50]} {[%emt 00:06:16]} Nxf5 {[%clk 01:14:52]}
{[%emt 00:03:23]} 23. Bh3 {[%clk 00:21:56]} {[%emt 00:04:24]} Nd6 {[%clk
01:09:45]} {[%emt 00:05:37]} 24. Qd5+ {[%clk 00:20:22]} {[%emt 00:02:04]} Kh8
{[%clk 01:07:29]} {[%emt 00:02:46]} 25. Rhf1 {[%clk 00:17:53]} {[%emt
00:02:58]} Rc8 {[%clk 01:06:57]} {[%emt 00:01:03]} 26. c3 {[%clk 00:16:57]}
{[%emt 00:01:26]} Rh6 {[%clk 01:01:29]} {[%emt 00:05:59]} 27. Rf3 {[%clk
00:15:26]} {[%emt 00:02:00]} Rg8 {[%clk 00:52:33]} {[%emt 00:09:26]} 28. Rdf1
{[%clk 00:14:55]} {[%emt 00:01:01]} Qc4 {[%clk 00:52:48]} {[%emt 00:00:15]} 29.
Qxc4 {[%clk 00:11:53]} {[%emt 00:03:32]} Nxc4 {[%clk 00:53:05]} {[%emt
00:00:13]} 30. Re1 {[%clk 00:08:44]} {[%emt 00:03:39]} Rf6 {[%clk 00:43:56]}
{[%emt 00:09:38]} 31. Rd3 {[%clk 00:04:27]} {[%emt 00:04:48]} d6 {[%clk
00:34:54]} {[%emt 00:09:32]} 32. Re2 {[%clk 00:04:25]} {[%emt 00:00:32]} Rgf8
{[%clk 00:32:30]} {[%emt 00:02:54]} 33. b3 {[%clk 00:03:43]} {[%emt 00:01:12]}
Ne5 {[%clk 00:32:27]} {[%emt 00:00:33]} 34. Rdd2 {[%clk 00:03:14]} {[%emt
00:00:59]} Rf3 {[%clk 00:32:03]} {[%emt 00:00:54]} 35. Bg2 {[%clk 00:03:38]}
{[%emt 00:00:06]} Rxc3+ {[%clk 00:32:08]} {[%emt 00:00:26]} 36. Kb2 {[%clk
00:04:02]} {[%emt 00:00:05]} Rd3 {[%clk 00:26:38]} {[%emt 00:06:00]} 37. Rxd3
{[%clk 00:04:23]} {[%emt 00:00:09]} Nxd3+ {[%clk 00:27:01]} {[%emt 00:00:07]}
38. Kc2 {[%clk 00:04:43]} {[%emt 00:00:09]} Nf4 {[%clk 00:27:02]} {[%emt
00:00:31]} 39. Rf2 {[%clk 00:05:06]} {[%emt 00:00:06]} Rc8+ {[%clk 00:27:26]}
{[%emt 00:00:06]} 40. Kd2 {[%clk 00:05:26]} {[%emt 00:00:11]} Nxg2 {[%clk
00:27:33]} {[%emt 00:00:22]} 41. Rxg2 {[%clk 00:05:51]} {[%emt 00:00:06]} Rc5
{[%clk 00:25:12]} {[%emt 00:02:51]} 42. Ke3 {[%clk 00:05:32]} {[%emt 00:00:49]}
h6 {[%clk 00:21:56]} {[%emt 00:03:46]} 43. Rd2 {[%clk 00:05:43]} {[%emt
00:00:17]} Re5+ {[%clk 00:19:40]} {[%emt 00:02:47]} 44. Kf4 {[%clk 00:06:04]}
{[%emt 00:00:10]} Re6 {[%clk 00:19:51]} {[%emt 00:00:18]} 45. Kf5 {[%clk
00:06:27]} {[%emt 00:00:06]} Rf6+ {[%clk 00:19:56]} {[%emt 00:00:26]} 46. Ke4
{[%clk 00:06:52]} {[%emt 00:00:05]} Kh7 {[%clk 00:19:15]} {[%emt 00:01:11]} 47.
Kd5 {[%clk 00:07:12]} {[%emt 00:00:10]} h5 {[%clk 00:19:24]} {[%emt 00:00:21]}
48. Kc6 {[%clk 00:07:32]} {[%emt 00:00:09]} Kh6 {[%clk 00:18:57]} {[%emt
00:00:58]} 49. Kb6 {[%clk 00:07:53]} {[%emt 00:00:09]} d5+ {[%clk 00:19:21]}
{[%emt 00:00:06]} 50. Kc5 {[%clk 00:08:18]} {[%emt 00:00:05]} g5 {[%clk
00:19:37]} {[%emt 00:00:14]} 51. Kxd5 {[%clk 00:08:38]} {[%emt 00:00:10]} g4
{[%clk 00:19:53]} {[%emt 00:00:15]} 52. Ke4 {[%clk 00:08:04]} {[%emt 00:01:03]}
Kg5 {[%clk 00:19:34]} {[%emt 00:00:49]} 53. Rd5+ {[%clk 00:08:26]} {[%emt
00:00:08]} Kh4 {[%clk 00:19:41]} {[%emt 00:00:23]} 54. a4 {[%clk 00:08:38]}
{[%emt 00:00:17]} bxa4 {[%clk 00:19:15]} {[%emt 00:00:58]} 55. bxa4 {[%clk
00:09:02]} {[%emt 00:00:06]} Rf2 {[%clk 00:19:12]} {[%emt 00:00:33]} 0-1

[Event "DVM U20 2020"]
[Site "Willingen GER"]
[Date "2021.06.25"]
[Round "4"]
[White "Holinka, Henning"]
[Black "Trifan, Andrei Ioan"]
[Result "0-1"]
[Termination "normal"]
[Board "2.2"]
[WhiteElo "2256"]
[BlackElo "2237"]
[WhiteClock "00:02:29"]
[BlackClock "00:18:17"]
[WhiteTeam "Hamburger SK von 1830"]
[BlackTeam "OSG Baden-Baden"]
[PlyCount "68"]
[WhiteFideId "12967084"]
[BlackFideId "12967068"]
[EventCountry "GER"]
[EventRounds "7"]
[EventType "team-swiss"]
[EventDate "2021.06.23"]

1. e4 {[%clk 01:30:57]} {[%emt 00:00:03]} e5 {[%clk 01:30:42]} {[%emt
00:00:18]} 2. Nf3 {[%clk 01:31:13]} {[%emt 00:00:15]} Nc6 {[%clk 01:30:55]}
{[%emt 00:00:16]} 3. Bc4 {[%clk 01:30:32]} {[%emt 00:01:11]} Bc5 {[%clk
01:31:06]} {[%emt 00:00:19]} 4. d3 {[%clk 01:30:31]} {[%emt 00:00:31]} Nf6
{[%clk 01:31:07]} {[%emt 00:00:28]} 5. O-O {[%clk 01:29:13]} {[%emt 00:01:49]}
a6 {[%clk 01:29:31]} {[%emt 00:02:05]} 6. a4 {[%clk 01:28:46]} {[%emt
00:00:58]} d6 {[%clk 01:28:00]} {[%emt 00:02:00]} 7. c3 {[%clk 01:26:47]}
{[%emt 00:02:29]} Ba7 {[%clk 01:26:55]} {[%emt 00:01:36]} 8. b4 {[%clk
01:24:39]} {[%emt 00:02:38]} h6 {[%clk 01:23:27]} {[%emt 00:03:57]} 9. Nbd2
{[%clk 01:19:53]} {[%emt 00:05:17]} O-O {[%clk 01:16:54]} {[%emt 00:07:02]} 10.
Re1 {[%clk 01:09:51]} {[%emt 00:10:32]} Ne7 {[%clk 01:14:09]} {[%emt 00:03:14]}
11. Nf1 {[%clk 01:09:41]} {[%emt 00:00:41]} Ng6 {[%clk 01:13:45]} {[%emt
00:00:54]} 12. Ng3 {[%clk 01:08:16]} {[%emt 00:01:54]} c6 {[%clk 01:12:08]}
{[%emt 00:02:09]} 13. Bb3 {[%clk 01:05:55]} {[%emt 00:02:51]} Re8 {[%clk
01:08:12]} {[%emt 00:04:26]} 14. h3 {[%clk 01:02:13]} {[%emt 00:04:12]} d5
{[%clk 01:05:16]} {[%emt 00:03:26]} 15. Ra2 {[%clk 00:57:26]} {[%emt 00:05:16]}
Be6 {[%clk 01:01:04]} {[%emt 00:04:43]} 16. Rd2 {[%clk 00:46:29]} {[%emt
00:11:26]} Qc7 {[%clk 00:56:19]} {[%emt 00:05:14]} 17. Bb2 {[%clk 00:43:05]}
{[%emt 00:03:56]} Rad8 {[%clk 00:52:44]} {[%emt 00:04:04]} 18. exd5 {[%clk
00:31:51]} {[%emt 00:11:44]} cxd5 {[%clk 00:50:57]} {[%emt 00:02:18]} 19. c4
{[%clk 00:30:17]} {[%emt 00:02:04]} dxc4 {[%clk 00:45:32]} {[%emt 00:05:55]}
20. dxc4 {[%clk 00:28:58]} {[%emt 00:01:49]} Rxd2 {[%clk 00:44:59]} {[%emt
00:01:02]} 21. Qxd2 {[%clk 00:26:28]} {[%emt 00:03:02]} Bxc4 {[%clk 00:41:46]}
{[%emt 00:03:41]} 22. Bxc4 {[%clk 00:25:17]} {[%emt 00:01:41]} Qxc4 {[%clk
00:41:59]} {[%emt 00:00:17]} 23. Nxe5 {[%clk 00:24:50]} {[%emt 00:00:57]} Qd5
{[%clk 00:37:45]} {[%emt 00:04:44]} 24. Nf3 {[%clk 00:22:04]} {[%emt 00:03:17]}
Qxd2 {[%clk 00:34:12]} {[%emt 00:04:03]} 25. Rxe8+ {[%clk 00:22:19]} {[%emt
00:00:15]} Nxe8 {[%clk 00:34:27]} {[%emt 00:00:14]} 26. Nxd2 {[%clk 00:22:46]}
{[%emt 00:00:04]} Nf4 {[%clk 00:29:50]} {[%emt 00:05:06]} 27. Nde4 {[%clk
00:18:42]} {[%emt 00:04:35]} Nd3 {[%clk 00:29:00]} {[%emt 00:01:19]} 28. Ba3
{[%clk 00:16:05]} {[%emt 00:03:09]} g6 {[%clk 00:24:12]} {[%emt 00:05:17]} 29.
Nc5 {[%clk 00:14:14]} {[%emt 00:02:21]} Nxc5 {[%clk 00:23:39]} {[%emt
00:01:02]} 30. bxc5 {[%clk 00:14:38]} {[%emt 00:00:06]} Nf6 {[%clk 00:23:06]}
{[%emt 00:01:03]} 31. Kf1 {[%clk 00:13:20]} {[%emt 00:01:48]} Nd7 {[%clk
00:22:30]} {[%emt 00:01:05]} 32. Ke2 {[%clk 00:05:43]} {[%emt 00:08:08]} Bxc5
{[%clk 00:19:45]} {[%emt 00:03:15]} 33. Bc1 {[%clk 00:05:13]} {[%emt 00:01:00]}
Nb6 {[%clk 00:18:22]} {[%emt 00:01:53]} 34. a5 {[%clk 00:02:29]} {[%emt
00:03:15]} Nc4 {[%clk 00:18:17]} {[%emt 00:00:33]} 0-1